Estatísticas para Chade

Clique aqui para jogar o quiz

Estatísticas Gerais

  • Esse quiz foi jogado 5 vezes
  • A pontuação média é 9 de 15

Estatísticas das Respostas

HintResposta% Correto
Quantos idiomas tem?2
100%
Onde fica?África
100%
Quais são as cores da bandeira?Azul,amarelo e vermelho
100%
De que país ficou independente?França
100%
Com que país faz fronteira a Norte?Líbia
100%
Com que país faz fronteira a Sul?República Centro-Africana
100%
Quantas cores tem a sua bandeira?3
80%
Com que país faz fronteira a Oeste?Níger
80%
Com que país faz fronteira a Leste?Sudão
80%
Com que país faz fronteira a Sudeste?Camarões e Nigéria
60%
Como se chama a sua moeda?Franco CFA
20%
Qual é a sua capital?Jamena
20%
Qual é a bebida típica do país?Carcagem
0%
Qual é o prato típico do país?Millet
0%
Qual é o seu código ISO?TCD
0%

Distribuição das Pontuações

Percentil de Números Respondidos

Porcentagem de Pessoas com Cada Pontuação

Sua Pontuação Histórica

Você não jogou esse quiz